[Event "Seniorenkampioenschap 2011"]
[Site "Oosterbeek"]
[Date "2011.07.11"]
[Round "3"]
[White "Berg, Ad van den"]
[Black "Urk, Auke van"]
[Result "1-0"]
[WhiteElo "2245"]
[BlackElo "1972"]
[PlyCount "49"]
[EventDate "2011.??.??"]
[EventCountry "NED"]

1. e4 e5 2. Nc3 Nf6 3. Bc4 Nxe4 4. Qh5 Nd6 5. Bb3 Nc6 6. Nb5 g6 7. Qf3 f5 8.
Qd5 Qe7 9. Nxc7+ Kd8 10. Nxa8 b6 11. h4 Bb7 12. d3 Bg7 13. Bg5 Bf6 14. Bxf6
Qxf6 15. Qf3 Nd4 16. Qg3 Bxa8 17. c3 Ne6 18. Nf3 Nc5 19. O-O-O e4 20. dxe4
Ncxe4 21. Qf4 Nb5 22. Ne5 Bc6 23. Rhe1 Kc8 24. Nxc6 dxc6 25. Rxe4 1-0

[Event "Seniorenkampioenschap 2011"]
[Site "Oosterbeek"]
[Date "2011.07.11"]
[Round "3"]
[White "Jonkman, Fokke"]
[Black "Monte, Peter"]
[Result "1-0"]
[WhiteElo "2009"]
[BlackElo "1987"]
[PlyCount "65"]
[EventDate "2011.??.??"]
[EventCountry "NED"]

1. c4 f5 2. Nf3 Nf6 3. g3 d6 4. Bg2 e5 5. O-O Nc6 6. d3 Be7 7. Nc3 O-O 8. Rb1
a5 9. a3 Qe8 10. e3 h6 11. Nd5 Bd8 12. Nd2 g5 13. f4 Kg7 14. b4 axb4 15. axb4
Nxd5 16. cxd5 Ne7 17. fxe5 dxe5 18. Bb2 Ng6 19. Qc2 Rf7 20. Ra1 Rb8 21. Nc4 Bf6
22. Rf2 f4 23. Be4 b5 24. d4 bxc4 25. Bxg6 exd4 26. Bxd4 Bxd4 27. exd4 Rxb4 28.
Bxf7 Qxf7 29. Qd2 Qxd5 30. Qxb4 Bb7 31. Qe7+ Kg8 32. Qe8+ Kg7 33. Qe5+ 1-0

[Event "Seniorenkampioenschap 2011"]
[Site "Oosterbeek"]
[Date "2011.07.11"]
[Round "3"]
[White "Plijter, Martin"]
[Black "Landsbergen, Ron"]
[Result "1/2-1/2"]
[WhiteElo "1926"]
[BlackElo "1991"]
[PlyCount "50"]
[EventDate "2011.??.??"]
[EventCountry "NED"]

1. e4 c5 2. Nf3 e6 3. d4 cxd4 4. c3 Nf6 5. e5 Nd5 6. Bc4 Nc6 7. Bxd5 exd5 8.
O-O d6 9. exd6 Bxd6 10. Re1+ Be6 11. cxd4 O-O 12. Nc3 Bg4 13. h3 Bxf3 14. Qxf3
Nxd4 15. Qd3 Ne6 16. Qxd5 Qb6 17. Be3 Qxb2 18. Ne4 Bc7 19. Rab1 Qe5 20. Qxe5
Bxe5 21. Rxb7 a5 22. Rb5 f6 23. a4 Rfc8 24. Bb6 Rc4 25. Rxa5 Rxa5 1/2-1/2

[Event "Seniorenkampioenschap 2011"]
[Site "Oosterbeek"]
[Date "2011.07.11"]
[Round "3"]
[White "Mostertman, Loek"]
[Black "Wille, Ruud"]
[Result "0-1"]
[WhiteElo "1990"]
[BlackElo "1911"]
[PlyCount "50"]
[EventDate "2011.??.??"]
[EventCountry "NED"]

1. d4 Nf6 2. c4 g6 3. Nc3 d5 4. cxd5 Nxd5 5. Bd2 Bg7 6. e4 Nxc3 7. Bxc3 O-O 8.
Bc4 c6 9. a4 Nd7 10. Nf3 Nf6 11. Qc2 Qc7 12. O-O Bd7 13. Ne5 e6 14. f4 b5 15.
Nxd7 Qxd7 16. Bb3 b4 17. f5 bxc3 18. bxc3 exf5 19. exf5 Nd5 20. Bxd5 Qxd5 21.
f6 Bh6 22. Qf2 Rfe8 23. Rae1 Re6 24. Qh4 Bg5 25. Qh3 Rxe1 0-1

[Event "Seniorenkampioenschap 2011"]
[Site "Oosterbeek"]
[Date "2011.07.11"]
[Round "3"]
[White "Broekman, Willem"]
[Black "Duijker, Bert"]
[Result "1-0"]
[WhiteElo "2018"]
[BlackElo "1918"]
[PlyCount "57"]
[EventDate "2011.??.??"]
[EventCountry "NED"]

1. d4 g6 2. c4 Bg7 3. e4 d6 4. Nc3 Nc6 5. Be3 e5 6. Nge2 exd4 7. Nxd4 Nxd4 8.
Bxd4 Bxd4 9. Qxd4 Qf6 10. O-O-O Qxd4 11. Rxd4 Bd7 12. f4 Ne7 13. Be2 O-O-O 14.
Bf3 a6 15. Rhd1 f6 16. R4d2 Rhe8 17. e5 fxe5 18. fxe5 Nf5 19. exd6 Nxd6 20. c5
Nb5 21. Nd5 h5 22. Nf6 Re7 23. Nxd7 Rdxd7 24. Bxb7+ Kd8 25. Bxa6 c6 26. Bxb5
cxb5 27. Rxd7+ Rxd7 28. Rxd7+ Kxd7 29. b4 1-0

[Event "Seniorenkampioenschap 2011"]
[Site "Oosterbeek"]
[Date "2011.07.11"]
[Round "3"]
[White "Vreugdenhil, Frans"]
[Black "Schouten, Nico"]
[Result "0-1"]
[WhiteElo "1969"]
[BlackElo "2187"]
[PlyCount "50"]
[EventDate "2011.??.??"]
[EventCountry "NED"]

1. e4 e5 2. Nf3 Nc6 3. d4 exd4 4. Bc4 Nf6 5. Ng5 Ne5 6. Bb3 h6 7. f4 hxg5 8.
fxe5 Nxe4 9. Bd5 Nc5 10. O-O Ne6 11. Qf3 Qe7 12. Nd2 g4 13. Qf2 Rh5 14. Nc4 g6
15. Bd2 Bg7 16. Bb4 c5 17. Nd6+ Kf8 18. Qxf7+ Qxf7 19. Rxf7+ Kg8 20. Bxe6 dxe6
21. Bxc5 Bxe5 22. Rc7 Bxh2+ 23. Kf2 Rxc5 24. Rxc5 Bxd6 25. Rg5 Kg7 0-1

[Event "Seniorenkampioenschap 2011"]
[Site "Oosterbeek"]
[Date "2011.07.11"]
[Round "3"]
[White "Homs, Guust"]
[Black "Olof, Erik"]
[Result "1/2-1/2"]
[WhiteElo "2156"]
[BlackElo "1906"]
[PlyCount "42"]
[EventDate "2011.??.??"]
[EventCountry "NED"]

1. e4 c5 2. c3 d5 3. exd5 Qxd5 4. d4 Nc6 5. Nf3 Bg4 6. Nbd2 cxd4 7. Bc4 Qd7 8.
Qb3 e6 9. Bb5 Bd6 10. Nxd4 Nge7 11. Ne4 O-O 12. O-O Bc7 13. g3 Nxd4 14. Bxd7
Nxb3 15. axb3 Rfd8 16. Ba4 a6 17. b4 h6 18. Kg2 Be2 19. Re1 Bc4 20. Bc2 b6 21.
f3 Nf5 1/2-1/2

[Event "Seniorenkampioenschap 2011"]
[Site "Oosterbeek"]
[Date "2011.07.11"]
[Round "3"]
[White "Caljé, Tom"]
[Black "Peut, Aart van de"]
[Result "1/2-1/2"]
[WhiteElo "1985"]
[BlackElo "1925"]
[PlyCount "99"]
[EventDate "2011.??.??"]
[EventCountry "NED"]

1. e4 e6 2. d4 d5 3. Nc3 Bb4 4. exd5 exd5 5. Bd3 Nc6 6. a3 Bxc3+ 7. bxc3 Nge7
8. Rb1 b6 9. Qh5 Qd6 10. Ne2 Ng6 11. O-O Nce7 12. Bg5 c5 13. dxc5 bxc5 14. Rfe1
Be6 15. Ng3 c4 16. Bxg6 fxg6 17. Bxe7 Kxe7 18. Qg5+ Kd7 19. Ne2 Rab8 20. Rxb8
Rxb8 21. Qe3 Qb6 22. Nd4 Re8 23. Rf1 Bf5 24. Qg3 Re7 25. h3 Qd6 26. Qf3 Qe5 27.
Rd1 Be4 28. Qg4+ Bf5 29. Qh4 h6 30. g4 g5 31. Qg3 Qxg3+ 32. fxg3 Be4 33. Rf1
Kd6 34. Rb1 Rf7 35. Rb8 Kc7 36. Ra8 Kb7 37. Re8 Kc7 38. Re6 Kd7 39. Ra6 Kc8 40.
Ra4 Bg6 41. Ra5 Be4 42. Rb5 Kc7 43. a4 a6 44. Rb2 Rf6 45. a5 g6 46. Rb1 h5 47.
Rf1 Rxf1+ 48. Kxf1 Kd6 49. gxh5 gxh5 50. Kf2 1/2-1/2

[Event "Seniorenkampioenschap 2011"]
[Site "Oosterbeek"]
[Date "2011.07.11"]
[Round "3"]
[White "Vosselman, Jan"]
[Black "Montsma, Foppe-Jan"]
[Result "1-0"]
[WhiteElo "2064"]
[BlackElo "1914"]
[PlyCount "27"]
[EventDate "2011.??.??"]
[EventCountry "NED"]

1. d4 d6 2. c4 g6 3. e4 Bg7 4. Nc3 f5 5. exf5 Bxf5 6. Nge2 e5 7. Be3 Nc6 8. d5
Nce7 9. f3 Nf6 10. g4 Bc8 11. Ng3 h5 12. h3 hxg4 13. fxg4 Bxg4 14. hxg4 1-0

[Event "Seniorenkampioenschap 2011"]
[Site "Oosterbeek"]
[Date "2011.07.12"]
[Round "4"]
[White "Etmans, Maarten"]
[Black "Klein, Ron"]
[Result "1/2-1/2"]
[WhiteElo "2037"]
[BlackElo "2035"]
[PlyCount "47"]
[EventDate "2011.??.??"]
[EventCountry "NED"]

1. b3 e5 2. e4 d6 3. Bb2 f5 4. d4 exd4 5. Qxd4 Nc6 6. Bb5 fxe4 7. Nc3 Bd7 8.
Qxe4+ Qe7 9. Nf3 Nf6 10. Qe2 a6 11. Bc4 O-O-O 12. O-O-O Qxe2 13. Bxe2 Ng4 14.
Rhf1 Re8 15. h3 Nge5 16. Rfe1 Be7 17. Nxe5 dxe5 18. Ne4 Rhf8 19. Bf3 Bxh3 20.
Bh5 g6 21. Bxg6 hxg6 22. gxh3 Rf4 23. Re2 Rh8 24. Rg1 1/2-1/2

[Event "Seniorenkampioenschap 2011"]
[Site "Oosterbeek"]
[Date "2011.07.12"]
[Round "4"]
[White "Leeuwen, Etienne van"]
[Black "Visser, Gerrit"]
[Result "1/2-1/2"]
[WhiteElo "2072"]
[BlackElo "2022"]
[PlyCount "61"]
[EventDate "2011.??.??"]
[EventCountry "NED"]

1. e4 e6 2. d4 d5 3. Nc3 Bb4 4. e5 c5 5. a3 Bxc3+ 6. bxc3 Qa5 7. Bd2 c4 8. Qg4
Kf8 9. Nf3 Bd7 10. Be2 Ba4 11. Ra2 Nc6 12. O-O Nge7 13. Ng5 h6 14. Nh3 Nf5 15.
Rd1 Rg8 16. Nf4 Rd8 17. Qh3 Rd7 18. Bg4 Nce7 19. Nh5 Rc7 20. Qf3 Ke8 21. Bh3
Nh4 22. Qe2 Kd8 23. f4 Kc8 24. Re1 Nhg6 25. Qf2 Nf8 26. f5 exf5 27. Bxf5+ Nxf5
28. Qxf5+ Ne6 29. Qf2 Qb5 30. Nf4 Qc6 31. Qf3 1/2-1/2

[Event "Seniorenkampioenschap 2011"]
[Site "Oosterbeek"]
[Date "2011.07.12"]
[Round "4"]
[White "Jonkman, Fokke"]
[Black "Berg, Ad van den"]
[Result "1/2-1/2"]
[WhiteElo "2009"]
[BlackElo "2245"]
[PlyCount "94"]
[EventDate "2011.??.??"]
[EventCountry "NED"]

1. c4 e5 2. Nc3 Nf6 3. Nf3 Nc6 4. a3 d5 5. cxd5 Nxd5 6. Qc2 Be7 7. e3 Nxc3 8.
bxc3 O-O 9. d4 Bf6 10. Bd3 h6 11. Be4 Re8 12. d5 Na5 13. c4 b6 14. O-O Ba6 15.
Nd2 Nb7 16. Rb1 Nc5 17. Bf3 Rb8 18. e4 Qd7 19. Re1 Be7 20. Bd1 Bc8 21. Nf1 Qd6
22. Qe2 Bf8 23. Bc2 g6 24. Bb2 Bg7 25. Ne3 Bd7 26. Qd1 Re7 27. Bc3 Rf8 28. g4
a5 29. Kh1 Qf6 30. Qe2 Bc8 31. Rf1 Qd6 32. Rg1 Bf6 33. f3 Ree8 34. Ng2 Ba6 35.
Rbe1 Qd8 36. Rd1 Nb7 37. Ba4 Re7 38. Bb5 Qa8 39. f4 Nd6 40. Rge1 Bxb5 41. cxb5
Bg7 42. f5 gxf5 43. gxf5 Kh7 44. a4 Bf6 45. Bd2 Rg8 46. Qf3 Qf8 47. Rg1 Bg5
1/2-1/2

[Event "Seniorenkampioenschap 2011"]
[Site "Oosterbeek"]
[Date "2011.07.12"]
[Round "4"]
[White "Vlam, Horatio"]
[Black "Wille, Ruud"]
[Result "1-0"]
[WhiteElo "2144"]
[BlackElo "1911"]
[PlyCount "111"]
[EventDate "2011.??.??"]
[EventCountry "NED"]

1. c4 Nf6 2. Nc3 d5 3. cxd5 Nxd5 4. g3 g6 5. Bg2 Nxc3 6. bxc3 Bg7 7. Rb1 c6 8.
Nf3 O-O 9. O-O Nd7 10. Qc2 Nf6 11. d3 Qc7 12. Bf4 Qa5 13. c4 Nh5 14. Bd2 Qc7
15. Bc3 e5 16. c5 Re8 17. Ng5 Nf6 18. Qb2 h6 19. Ne4 Nxe4 20. Bxe4 Rb8 21. f4
f5 22. Bg2 Bd7 23. e4 b6 24. Bxe5 Bxe5 25. fxe5 bxc5 26. Qc3 Rxe5 27. Rxb8+
Qxb8 28. exf5 Bxf5 29. Bxc6 Qd6 30. Qb3+ Be6 31. Qb7 Qd4+ 32. Kg2 Bd5+ 33.
Bxd5+ Qxd5+ 34. Qxd5+ Rxd5 35. Rf3 Rd4 36. Kf2 c4 37. Ke2 cxd3+ 38. Rxd3 Ra4
39. a3 Kf7 40. Kd2 Ke6 41. Kc2 Ra6 42. Kb3 Rd6 43. Rxd6+ Kxd6 44. Kb4 Kc6 45.
Ka5 Kb7 46. Kb5 a6+ 47. Kc5 Kc7 48. h3 g5 49. g4 Kb7 50. a4 Kc7 51. a5 Kb7 52.
Kd6 Kb8 53. Kc6 Ka7 54. Kc7 Ka8 55. Kb6 Kb8 56. Kxa6 1-0

[Event "Seniorenkampioenschap 2011"]
[Site "Oosterbeek"]
[Date "2011.07.12"]
[Round "4"]
[White "Schouten, Nico"]
[Black "Plijter, Martin"]
[Result "1/2-1/2"]
[WhiteElo "2187"]
[BlackElo "1926"]
[PlyCount "234"]
[EventDate "2011.??.??"]
[EventCountry "NED"]

1. d4 Nf6 2. c4 g6 3. Nc3 d5 4. Nf3 Bg7 5. e3 O-O 6. cxd5 Nxd5 7. Bc4 Nb6 8.
Be2 Nc6 9. O-O Be6 10. b3 a5 11. Bb2 a4 12. bxa4 Nc4 13. Qc1 Nxb2 14. Qxb2 Na5
15. Rac1 c6 16. Rfd1 Qb8 17. Ne4 Bf5 18. Ned2 Rd8 19. Nc4 Nxc4 20. Bxc4 Bg4 21.
Qe2 e6 22. Bb3 Bf8 23. h3 Bxf3 24. Qxf3 Qa7 25. Rb1 Rd7 26. Qe4 Rad8 27. h4 Qa5
28. g3 Qh5 29. Rdc1 Be7 30. Kg2 Qf5 31. Qxf5 gxf5 32. Bd1 Ra8 33. Bb3 Kg7 34.
Kf3 Ra5 35. Rc4 Kf6 36. Rc2 Bf8 37. Rd1 Be7 38. Rb1 Bf8 39. Rc3 Be7 40. Bc2 Bf8
41. Rc4 Rad5 42. Bb3 Ra5 43. Rg1 h5 44. Rgc1 Ba3 45. R1c2 Be7 46. Kg2 Rd8 47.
R2c3 Kg6 48. Rc1 Rd7 49. Bd1 Bf8 50. Rb1 Be7 51. Rc3 Bf8 52. Rb6 Be7 53. Rcb3
Ra7 54. Rb1 Bd8 55. R6b2 Be7 56. Bf3 Bd8 57. Rb4 Be7 58. Rb6 Bd8 59. R6b3 Be7
60. a5 Bd8 61. a6 Rxa6 62. Rxb7 Rxb7 63. Rxb7 Rxa2 64. Bxc6 Kf6 65. Bf3 Kg6 66.
Rb8 Bf6 67. Rg8+ Kh7 68. Rc8 Kg6 69. Bd1 Ra7 70. Kf3 Rd7 71. Bc2 Bd8 72. Ba4
Rd6 73. Bc6 Be7 74. Ke2 Rd8 75. Rc7 Kf6 76. Bf3 Rh8 77. d5 exd5 78. Bxd5 Rd8
79. Bc4 Rf8 80. Rc6+ Kg7 81. Kf3 Rd8 82. Bb3 Rd6 83. Rc7 Kf6 84. Bc2 Rd2 85.
Bxf5 Bd6 86. Rc2 Rxc2 87. Bxc2 Bc7 88. Ke2 Kg7 89. f4 f6 90. Kf3 Kh6 91. e4 Kg7
92. Ba4 Kf8 93. Bd7 Kf7 94. Ba4 Kg6 95. Be8+ Kh6 96. Bd7 Kg7 97. Be8 Kh6 98. g4
hxg4+ 99. Kxg4 Bd8 100. Kf5 Be7 101. Ke6 Bd8 102. f5 Kg7 103. h5 Kh6 104. Bg6
Kg7 105. Bf7 Kh6 106. Be8 Kg7 107. Bb5 Kh6 108. Be2 Kg7 109. Bd1 Kh6 110. Kf7
Kh7 111. Ke6 Kg7 112. Be2 Kh6 113. Kd7 Ba5 114. e5 fxe5 115. f6 Bb4 116. Ke8
Kh7 117. Bd3+ Kh8 1/2-1/2

[Event "Seniorenkampioenschap 2011"]
[Site "Oosterbeek"]
[Date "2011.07.12"]
[Round "4"]
[White "Landsbergen, Ron"]
[Black "Lanen, Toon van"]
[Result "1/2-1/2"]
[WhiteElo "1991"]
[BlackElo "2128"]
[PlyCount "192"]
[EventDate "2011.??.??"]
[EventCountry "NED"]

1. d4 d5 2. Nf3 c5 3. c3 Nf6 4. Bf4 Qb6 5. Qb3 Nc6 6. dxc5 Qxc5 7. Na3 a6 8.
Be3 Qd6 9. g3 g6 10. Bg2 Bg7 11. O-O O-O 12. Rad1 b5 13. Nd4 Na5 14. Qc2 Bb7
15. Nb3 Nxb3 16. axb3 Rac8 17. Qd2 Qb8 18. Bh6 Rfd8 19. Bxg7 Kxg7 20. Qe3 e5
21. Rd2 d4 22. cxd4 Bxg2 23. Kxg2 exd4 24. Rxd4 Rxd4 25. Qxd4 Rd8 26. Qe3 Re8
27. Qd2 Qe5 28. Re1 Ne4 29. Qc2 Kg8 30. f3 Ng5 31. h4 Ne6 32. Qc3 Qd6 33. Nc2
Re7 34. Ne3 Rc7 35. Qf6 Qd4 36. Qxd4 Nxd4 37. b4 Nc2 38. Nxc2 Rxc2 39. Kf2 Rxb2
40. Ra1 Rxb4 41. Rxa6 h5 42. Rb6 Kg7 43. e4 Rb1 44. Ke3 b4 45. Kf4 b3 46. e5 b2
47. Rb8 Kh7 48. Rb7 Kg8 49. e6 fxe6 50. Kg5 Rg1 51. Rxb2 Rxg3+ 52. Kf6 Kh7 53.
Rb3 Kh6 54. Kxe6 Rh3 55. Rb4 Rxf3 56. Ke5 Rf5+ 57. Ke6 Ra5 58. Kf6 Ra6+ 59. Ke5
g5 60. hxg5+ Kxg5 61. Rb8 Ra4 62. Rg8+ Kh4 63. Kf5 Rg4 64. Ra8 Rg2 65. Kf4 Rf2+
66. Ke3 Rf6 67. Rg8 Kh3 68. Ke2 Rf4 69. Rh8 h4 70. Rg8 Kh2 71. Rg7 h3 72. Rg8
Ra4 73. Rg7 Ra2+ 74. Kf1 Rg2 75. Rh7 Rg5 76. Ra7 Rf5+ 77. Ke2 Kh1 78. Rh7 Kg2
79. Rg7+ Kh2 80. Rg8 Rf4 81. Rg7 Rc4 82. Kf2 Rc8 83. Rg6 Kh1 84. Rg1+ Kh2 85.
Rg6 Rf8+ 86. Ke2 Kh1 87. Rg7 Rf4 88. Rg8 h2 89. Rg7 Rc4 90. Kf2 Rc2+ 91. Kf1
Rc1+ 92. Kf2 Rg1 93. Ra7 Rd1 94. Rg7 Rd5 95. Rg8 Rf5+ 96. Ke2 Rf6 1/2-1/2

[Event "Seniorenkampioenschap 2011"]
[Site "Oosterbeek"]
[Date "2011.07.12"]
[Round "4"]
[White "Urk, Auke van"]
[Black "Broekman, Willem"]
[Result "0-1"]
[WhiteElo "1972"]
[BlackElo "2018"]
[PlyCount "48"]
[EventDate "2011.??.??"]
[EventCountry "NED"]

1. e4 e6 2. d4 d5 3. Nc3 Bb4 4. e5 c5 5. Bd2 Ne7 6. Nb5 Bxd2+ 7. Qxd2 O-O 8. f4
cxd4 9. Bd3 Nd7 10. Nf3 Nc5 11. Nbxd4 Nxd3+ 12. Qxd3 f6 13. O-O-O Ng6 14. f5
exf5 15. exf6 Rxf6 16. Ne2 Be6 17. Ng5 Qd6 18. Rhf1 Raf8 19. Nd4 Bd7 20. Kb1 a6
21. c4 Ne5 22. Qc3 Nxc4 23. h4 b5 24. Nh3 f4 0-1

[Event "Seniorenkampioenschap 2011"]
[Site "Oosterbeek"]
[Date "2011.07.12"]
[Round "4"]
[White "Caljé, Tom"]
[Black "Homs, Guust"]
[Result "1/2-1/2"]
[WhiteElo "1985"]
[BlackElo "2156"]
[PlyCount "57"]
[EventDate "2011.??.??"]
[EventCountry "NED"]

1. e4 e5 2. Nf3 Nc6 3. d3 Bc5 4. c3 d6 5. b4 Bb6 6. Nbd2 a6 7. Nc4 Ba7 8. Be3
Nf6 9. Bxa7 Rxa7 10. Be2 O-O 11. O-O Ra8 12. Qc2 Re8 13. a4 b6 14. Nfd2 a5 15.
bxa5 Nxa5 16. Nxa5 Rxa5 17. Nb3 Ra7 18. a5 b5 19. d4 Bd7 20. d5 c5 21. dxc6
Bxc6 22. f3 d5 23. Bd3 g6 24. exd5 Nxd5 25. Be4 Qa8 26. Rfe1 Kg7 27. c4 bxc4
28. Qxc4 Ne7 29. Qc5 1/2-1/2

[Event "Seniorenkampioenschap 2011"]
[Site "Oosterbeek"]
[Date "2011.07.12"]
[Round "4"]
[White "Peut, Aart van de"]
[Black "Vosselman, Jan"]
[Result "0-1"]
[WhiteElo "1925"]
[BlackElo "2064"]
[PlyCount "70"]
[EventDate "2011.??.??"]
[EventCountry "NED"]

1. e4 e5 2. Nc3 Nc6 3. Bc4 d6 4. d3 Nf6 5. f4 Bg4 6. Nf3 Nd4 7. fxe5 Bxf3 8.
gxf3 dxe5 9. Be3 c6 10. Rf1 Bc5 11. Bxd4 Bxd4 12. Ne2 Be3 13. Ng3 g6 14. c3 b5
15. Bb3 h5 16. Qe2 Qb6 17. Nh1 h4 18. Nf2 Nh5 19. Ng4 Nf4 20. Qc2 Rd8 21. Bxf7+
Kxf7 22. Nxe5+ Kg7 23. d4 h3 24. Qb3 Rhf8 25. Ng4 Ng2+ 26. Ke2 Bf4 27. Qe6 Bxh2
28. f4 Nxf4+ 29. Rxf4 Bxf4 30. Ne5 Bxe5 31. Qxe5+ Rf6 32. Qe7+ Rf7 33. Qe5+ Kg8
34. Qg3 c5 35. e5 cxd4 0-1

[Event "Seniorenkampioenschap 2011"]
[Site "Oosterbeek"]
[Date "2011.07.12"]
[Round "4"]
[White "Duijker, Bert"]
[Black "Mostertman, Loek"]
[Result "0-1"]
[WhiteElo "1918"]
[BlackElo "1990"]
[PlyCount "62"]
[EventDate "2011.??.??"]
[EventCountry "NED"]

1. Nf3 c5 2. c4 g6 3. d4 cxd4 4. Nxd4 Nf6 5. Nc3 d5 6. e3 Nc6 7. Nxc6 bxc6 8.
Be2 Bg7 9. O-O O-O 10. Qa4 Qb6 11. cxd5 cxd5 12. Bf3 Bb7 13. Qb5 Qxb5 14. Nxb5
Rfd8 15. Rd1 Ne4 16. a4 a6 17. Nd4 e5 18. Ne2 Ng5 19. Nc3 Nxf3+ 20. gxf3 d4 21.
exd4 Bxf3 22. Rd3 e4 23. Rd2 Bxd4 24. Ne2 Bf6 25. Nc3 Bd4 26. Ne2 Be5 27. Nc3
Rd3 28. Rxd3 exd3 29. Bd2 Rb8 30. Rb1 Rb4 31. a5 Rg4+ 0-1

[Event "Seniorenkampioenschap 2011"]
[Site "Oosterbeek"]
[Date "2011.07.12"]
[Round "4"]
[White "Monte, Peter"]
[Black "Olof, Erik"]
[Result "1-0"]
[WhiteElo "1987"]
[BlackElo "1906"]
[PlyCount "57"]
[EventDate "2011.??.??"]
[EventCountry "NED"]

1. e4 c5 2. g3 d5 3. exd5 Qxd5 4. Nf3 Bg4 5. Bg2 Nc6 6. h3 Qe4+ 7. Kf1 Bh5 8.
d3 Qe6 9. Be3 Qd6 10. Nbd2 f5 11. g4 fxg4 12. hxg4 Bxg4 13. Ne4 Qc7 14. Bxc5
O-O-O 15. Rh4 Qd7 16. Qd2 Nf6 17. Nfg5 Qf5 18. Re1 Nxe4 19. Rxe4 Qxc5 20. Rhxg4
h5 21. Ne6 Qb6 22. Rgf4 g5 23. Qc3 Rg8 24. Rb4 gxf4 25. Rxb6 axb6 26. Bxc6 Rd6
27. Bd5+ Kb8 28. Qc7+ Ka7 29. Qxb7# 1-0

[Event "Seniorenkampioenschap 2011"]
[Site "Oosterbeek, Netherlands"]
[Date "2011.07.13"]
[Round "5"]
[White "Klein, Ron"]
[Black "Leeuwen, Etienne van"]
[Result "1-0"]
[WhiteElo "2035"]
[BlackElo "2072"]
[PlyCount "81"]
[EventDate "2011.??.??"]

1. c4 Nf6 2. g3 e5 3. Bg2 c6 4. Nc3 d5 5. cxd5 cxd5 6. d4 exd4 7. Qxd4 Nc6 8.
Qd1 Bb4 9. a3 Ba5 10. b4 Bb6 11. Nf3 O-O 12. O-O Be6 13. Bg5 Re8 14. Na4 Bc7
15. Nc5 b6 16. Nd3 Rc8 17. Rc1 Bd6 18. Nf4 Be7 19. Nxe6 fxe6 20. Bh3 Qd7 21.
Nd4 Nxd4 22. Qxd4 Rxc1 23. Rxc1 h6 24. Bf4 Bd6 25. Bxh6 Qf7 26. Be3 Qh5 27. Bf1
e5 28. Qh4 Qxh4 29. gxh4 e4 30. Bd4 Ng4 31. h3 Ne5 32. Rc3 Ng6 33. Rc6 Rd8 34.
e3 Nxh4 35. Be2 Ng6 36. Bg4 Ne5 37. Rxd6 Rxd6 38. Bxe5 Rc6 39. b5 Rc5 40. Be6+
Kh7 41. Bd7 1-0

[Event "Seniorenkampioenschap 2011"]
[Site "Oosterbeek, Netherlands"]
[Date "2011.07.13"]
[Round "5"]
[White "Visser, Gerrit"]
[Black "Vlam, Horatio"]
[Result "1/2-1/2"]
[WhiteElo "2022"]
[BlackElo "2144"]
[PlyCount "94"]
[EventDate "2011.??.??"]

1. d4 g6 2. e4 Bg7 3. Nc3 d6 4. f4 Nf6 5. Nf3 O-O 6. Bd3 Nc6 7. d5 Nb4 8. O-O
c6 9. dxc6 bxc6 10. Kh1 Bb7 11. Qe2 c5 12. e5 Nxd3 13. cxd3 dxe5 14. fxe5 Bxf3
15. Rxf3 Nd5 16. Bg5 Nc7 17. Qe3 Ne6 18. Bh6 Qd4 19. Bxg7 Qxe3 20. Rxe3 Kxg7
21. Rc1 Rfd8 22. g3 Rab8 23. b3 Rb4 24. Ne4 Rbd4 25. Nxc5 Nxc5 26. Rxc5 Rxd3
27. Re2 Rd2 28. Rc2 Rxe2 29. Rxe2 Rd5 30. Kg2 Kf8 31. Kf3 Ke8 32. Ke4 Rd1 33.
Rc2 Kd7 34. Rc5 Re1+ 35. Kf3 Ke6 36. Ra5 Rxe5 37. Ra6+ Kd5 38. Rxa7 Kd4 39. Rb7
Rf5+ 40. Ke2 Re5+ 41. Kd2 f5 42. a4 g5 43. Rb4+ Kd5 44. a5 Kc6 45. Ra4 Rd5+ 46.
Kc3 Rc5+ 47. Rc4 e5 1/2-1/2

[Event "Seniorenkampioenschap 2011"]
[Site "Oosterbeek, Netherlands"]
[Date "2011.07.13"]
[Round "5"]
[White "Berg, Ad van den"]
[Black "Etmans, Maarten"]
[Result "1-0"]
[WhiteElo "2245"]
[BlackElo "2037"]
[PlyCount "91"]
[EventDate "2011.??.??"]

1. Nf3 d6 2. d4 Bg4 3. c4 Nd7 4. e4 e5 5. d5 f5 6. Nc3 f4 7. Be2 Bxf3 8. Bxf3
Ngf6 9. g3 fxg3 10. hxg3 Be7 11. Bh5+ Nxh5 12. Qxh5+ g6 13. Qh3 Nc5 14. Ke2 Qd7
15. Bh6 Qxh3 16. Rxh3 Bf6 17. Be3 O-O 18. g4 a5 19. Rah1 Rf7 20. Rf3 Raf8 21.
g5 Bd8 22. Rxf7 Rxf7 23. Rg1 Kf8 24. f3 Ke8 25. Nd1 Na6 26. Nf2 Nb4 27. Rc1
Nxa2 28. Ra1 Nb4 29. Rxa5 Nc2 30. Ra8 Nxe3 31. Kxe3 Kd7 32. Nh3 Rf8 33. Ra7 Kc8
34. Ke2 Kb8 35. Ra1 h6 36. gxh6 Rh8 37. Nf2 Rxh6 38. Ng4 Rh8 39. c5 Be7 40. c6
Rh7 41. b4 bxc6 42. dxc6 Bg5 43. b5 Rh5 44. Kf2 Rh8 45. Kg2 Bf4 46. Nf6 1-0

[Event "Seniorenkampioenschap 2011"]
[Site "Oosterbeek, Netherlands"]
[Date "2011.07.13"]
[Round "5"]
[White "Broekman, Willem"]
[Black "Jonkman, Fokke"]
[Result "1/2-1/2"]
[WhiteElo "2018"]
[BlackElo "2009"]
[PlyCount "109"]
[EventDate "2011.??.??"]

1. d4 c5 2. d5 g6 3. c4 Bg7 4. e4 d6 5. Qc2 e6 6. Nc3 Nf6 7. Nf3 O-O 8. Bd3 Na6
9. a3 exd5 10. cxd5 Nc7 11. O-O Re8 12. h3 b5 13. Re1 Rb8 14. Bf4 b4 15. axb4
Rxb4 16. Rxa7 Ncxd5 17. Bd2 Nxc3 18. Bxc3 Rb7 19. Ra8 Nd7 20. Rea1 Nb8 21. Bc4
Be6 22. Bd5 Bxd5 23. exd5 Qe7 24. Qa4 Qe4 25. Qa2 Qd3 26. Qa4 Qe4 27. Qa2 Qd3
28. Qa5 Qxd5 29. Qa4 Qe4 30. Qa2 Bxc3 31. bxc3 Qe2 32. Re1 Qb5 33. Rd1 Qc6 34.
c4 Rbe7 35. Rb1 Rb7 36. Rd1 Rbe7 37. Rb1 Rb7 38. Rd1 Rb6 39. Ra3 Na6 40. Qd2 f6
41. Rd3 Re6 42. Qf4 Kg7 43. Nh2 h5 44. Rg3 Qe4 45. Qc1 Qe2 46. Nf3 Rb2 47. Rf1
Re4 48. Qa1 Nb4 49. Re1 Qxf2+ 50. Kh2 Rxe1 51. Qa7+ Kh6 52. Qf7 Rh1+ 53. Kxh1
Qxg3 54. Qf8+ Kh7 55. Qf7+ 1/2-1/2

[Event "Seniorenkampioenschap 2011"]
[Site "Oosterbeek, Netherlands"]
[Date "2011.07.13"]
[Round "5"]
[White "Wille, Ruud"]
[Black "Schouten, Nico"]
[Result "0-1"]
[WhiteElo "1911"]
[BlackElo "2187"]
[PlyCount "70"]
[EventDate "2011.??.??"]

1. e4 e5 2. Nf3 Nc6 3. Bc4 Nf6 4. d3 Be7 5. O-O O-O 6. c3 d6 7. Be3 a6 8. b4 d5
9. exd5 Nxd5 10. Qb3 Be6 11. a4 Nxe3 12. fxe3 Qxd3 13. Bxd3 Bxb3 14. Nbd2 Be6
15. b5 Na5 16. Rfd1 f6 17. Kf2 axb5 18. axb5 b6 19. Be4 Rad8 20. Bc2 Rfe8 21.
h3 g6 22. Rab1 Kg7 23. Ne1 f5 24. e4 Bc5+ 25. Kf3 Rf8 26. Kg3 Be3 27. Ndf3 Kf6
28. Nh4 Nc4 29. Ra1 Rd2 30. Nhf3 Bf4+ 31. Kh4 g5+ 32. Nxg5 Bxg5+ 33. Kg3 Bf4+
34. Kf3 Rg8 35. Rxd2 Nxd2+ 0-1

[Event "Seniorenkampioenschap 2011"]
[Site "Oosterbeek, Netherlands"]
[Date "2011.07.13"]
[Round "5"]
[White "Lanen, Toon van"]
[Black "Monte, Peter"]
[Result "1-0"]
[WhiteElo "2128"]
[BlackElo "1987"]
[PlyCount "87"]
[EventDate "2011.??.??"]

1. e4 e6 2. d4 d5 3. Nd2 c5 4. Ngf3 Nf6 5. exd5 exd5 6. Bb5+ Bd7 7. Qe2+ Be7 8.
dxc5 O-O 9. Nb3 Re8 10. Be3 a6 11. Bd3 Bg4 12. O-O-O Nbd7 13. h3 Bxf3 14. Qxf3
Qc7 15. g4 Nxc5 16. Bxc5 Bxc5 17. Nxc5 Qxc5 18. Qf5 Qc6 19. g5 Ne4 20. Bxe4
dxe4 21. Rd7 Rf8 22. Rhd1 Rac8 23. c3 b5 24. a3 g6 25. Qf6 Qc5 26. R7d5 Qc7 27.
Qxa6 b4 28. axb4 Qf4+ 29. R1d2 Ra8 30. Qf6 Qh2 31. Kc2 Qxh3 32. Rd8 Qh4 33.
Rxa8 Rxa8 34. Rd8+ Rxd8 35. Qxd8+ Kg7 36. Qf6+ Kg8 37. b5 e3 38. fxe3 Qa4+ 39.
b3 Qxb5 40. c4 Qc5 41. Qd8+ Kg7 42. Qd4+ Qxd4 43. exd4 f6 44. c5 1-0

[Event "Seniorenkampioenschap 2011"]
[Site "Oosterbeek, Netherlands"]
[Date "2011.07.13"]
[Round "5"]
[White "Vosselman, Jan"]
[Black "Landsbergen, Ron"]
[Result "1/2-1/2"]
[WhiteElo "2064"]
[BlackElo "1991"]
[PlyCount "34"]
[EventDate "2011.??.??"]

1. d4 Nf6 2. c4 c5 3. d5 e6 4. Nc3 exd5 5. cxd5 d6 6. e4 g6 7. Bf4 a6 8. Qa4+
Nbd7 9. Nf3 Nh5 10. Be3 Bg7 11. Be2 O-O 12. Nd2 Ne5 13. Bxh5 gxh5 14. Nf3 b5
15. Qc2 f5 16. Nxe5 Bxe5 17. exf5 Bxf5 1/2-1/2